Perkhidmatan awam : Menuju era baru .

Bibliographic Details
Main Author: AHMAD Sarji bin Abdul Hamid 1938-
Format: Book
Published: Kuala Lumpur : INTAN , 1996
Subjects:

MARC

LEADER 00000cam a2200000 7i4500
001 0000000463
005 20000821.0
020 0 0 |a 9679933504 
090 0 0 |a 354.59507   |b AHM 1996 
100 0 0 |a AHMAD Sarji bin Abdul Hamid   |f Tan Sri Dato' Seri   |c 1938- 
245 1 0 |a Perkhidmatan awam :   |b Menuju era baru .   |l The civil service :   |b Towards a new era   |c selected speeches of Tan Sri Dato' Seri Ahmad Sarji bin Abdul Hamid, Chief Secretary to the Government, Malaysia 
260 0 0 |a Kuala Lumpur :   |b INTAN ,   |c 1996 
300 |a xxv, 480 p. ;   |c 22 cm. 
500 0 0 |a Includes index 
650 0 0 |a Civil service ethics   |z Malaysia 
650 0 0 |a Civil service reform   |z Malaysia 
650 0 0 |a Corporation   |x Finance   |z Malaysia 
650 0 0 |a Incorporation   |z Malaysia 
650 0 0 |a Information technology   |z Malaysia 
650 0 0 |a Leadership 
650 0 0 |a Total quality management 
740 0 0 |a The civil service: towards a new era 
999 |a 0000001608   |b Monograph   |c Open Shelf   |e Default branch